| 000 | 00391nam a2200133Ia 4500 | ||
|---|---|---|---|
| 008 | 230312s9999||||xx |||||||||||||| ||und|| | ||
| 082 |
_a612 _bJAV-P |
||
| 100 | _aJavaid;Karamat.A | ||
| 245 | 0 | _aPharmaceutical Quality Assurance in Class,Industry and Market | |
| 260 |
_bAziz Publisher _aPakistan _c2011 |
||
| 300 | _a336 | ||
| 650 |
_aPharmacy _vPharmaceutical Quality Assurance |
||
| 942 | _cBK | ||
| 999 |
_c11102 _d11102 |
||